Statistiques concernant nana quiz !!!

Cliquez ici pour prendre le quiz!

Statistiques générales

  • Ce quiz a été pris 140 fois
  • Le résultat moyen est 10 sur 14

Statistiques - réponses

indiceréponse% Correct
elle est la seule femme dans le groupe blast :nana
100%
dans quel lieu se rencontrent les nanas ?le train
92%
prénom du petit ami de nana osaki :ren
86%
"nana" est quel type de manga ?shojo
83%
quel est le groupe rival de blast ?trapnest
83%
batteur aux cheveux longs de trapnest :takumi
82%
quelle créatrice de mode est souvent mise à l'avant ?vivienne westwood
80%
grand chauve aux lunettes stylées :yasu
80%
numéro de l'appartement des nanas :707
79%
elle est l'auteure du manga :ai yazawa
69%
quel est le vrai nom de blast ?black stones
59%
elle a le même nom qu'un célèbre shiba inu :hachiko
59%
titre de l'opening de l'anime :rose
58%
le quartier dans lequel vivent les deux héroïnes :shibuya
34%

Distribution des résultats

Percentile par nombre de réponses

% des personnes avec chaque résultat

Votre développement - résultats

Vous n’avez pas pris ce quiz